000 00515ntaaa2200193 4500
003 01
005 20251027202441.0
008 0714s1973 ag 01
040 _aAR-BaBN
_bspa
_cAR-BaBN
_eaacr
_dRIC
082 _a266.0100 F46
100 _aFife, Eric S.
245 _aA highway of our God
250 _a1 ed.
260 _aLondon :
_bInter-varsity Fellowship,
_c1961, 1962
300 _a144 p.
500 _aestudio de la responsabilidad misionera creynte
650 _aMisiones-FilosofĂ­a
_917151
942 _cBK
999 _c19472
_d19472